[Event "34th European Club Cup 2018"]
[Site "Halkidiki"]
[Date "2018.10.13"]
[Round "2"]
[White "Baliasnyj, Timur"]
[Black "Willow, Jonah B"]
[Result "1-0"]
[WhiteElo "2216"]
[BlackElo "2271"]
[Annotator "NA"]
[PlyCount "119"]
[EventDate "2018.10.12"]
[EventType "team-tourn"]
[EventCountry "GRE"]
[SourceTitle "playchess.com"]
[Source "ChessBase"]
[SourceQuality "1"]
[WhiteTeam "Overtime"]
[BlackTeam "Wood Green"]

1. Nf3 c5 2. c4 Nc6 3. g3 g6 4. Bg2 Bg7 5. O-O e6 6. Nc3 Nge7 7. d3 O-O 8. Bd2 b6 9. Qc1 d5 10. cxd5 exd5 11. Bh6 d4 12. Bxg7 Kxg7 13. Ne4 h6 14. a3 a5 15. Ned2 Bb7 16. Nc4 Re8 17. Re1 Nd5 18. Qc2 Rc8 19. Qb3 Ra8 20. Rac1 a4 21. Qc2 Nce7 22. Nfd2 b5 23. Ne5 f6 24. Nef3 Rc8 25. Ne4 Qb6 26. Nxc5 Nf5 27. Bh3 Nxg3 28. fxg3 Ne3 29. Nd7 Qd6 30. Qd2 Bxf3 31. Nxf6 Qxf6 32. Bxc8 Bg2 33. Qa5 Rf8 34. Qc7+ Rf7 35. Qf4 Qxf4 36. gxf4 Rxf4 37. Rc5 h5 38. Rxb5 h4 39. h3 Kh6 40. Re5 Ba8 41. Rc1 Bd5 42. Bd7 g5 43. Bc6 Bxc6 44. Rxc6+ Kh5 45. Rc1 Rf6 46. Rb5 Kg6 47. Rb4 Rd6 48. Rxa4 g4 49. hxg4 Kg5 50. Rc5+ Kxg4 51. Re5 Nf5 52. Kh2 Ng3 53. e3 Kf3 54. Rxd4 Rg6 55. Rf4+ Ke2 56. d4 Ke1 57. Kh3 Ne2 58. Rg4 Ng1+ 59. Kxh4 Nf3+ 60. Kh5 1-0

[Event "34th European Club Cup 2018"]
[Site "Halkidiki"]
[Date "2018.10.13"]
[Round "2"]
[White "Jaksland, Tim"]
[Black "Lopez, Jasel"]
[Result "1/2-1/2"]
[WhiteElo "2214"]
[BlackElo "2366"]
[Annotator "TA"]
[PlyCount "94"]
[EventDate "2018.10.12"]
[EventType "team-tourn"]
[EventCountry "GRE"]
[SourceTitle "playchess.com"]
[Source "ChessBase"]
[SourceQuality "1"]
[WhiteTeam "Hillerod"]
[BlackTeam "Deloitte"]

1. Nf3 d5 2. c4 d4 3. b4 c5 4. g3 cxb4 5. a3 b3 6. d3 Nc6 7. Nbd2 e5 8. Rb1 Nf6 9. Bg2 Be7 10. O-O O-O 11. Rxb3 Nd7 12. Ne1 Nc5 13. Rb1 Bf5 14. Ne4 Bxe4 15. dxe4 Na5 16. Qc2 b6 17. Nd3 Rc8 18. Nxe5 Nd7 19. Nd3 Rxc4 20. Qa2 Rc3 21. Qd5 Nc5 22. Nb4 d3 23. Qxd8 Bxd8 24. Bb2 Rb3 25. exd3 Nxd3 26. Nxd3 Rxd3 27. Rfd1 Rb3 28. Be5 Rxb1 29. Rxb1 Nc4 30. Bf4 Be7 31. a4 g5 32. Rc1 Nb2 33. Be3 Rd8 34. Rc7 Bf6 35. Rxa7 Nc4 36. Rb7 Rd1+ 37. Bf1 Ra1 38. h3 Kg7 39. Kg2 Nxe3+ 40. fxe3 Rxa4 41. Rxb6 Rxe4 42. Kf3 Re7 43. Bc4 Be5 44. Bd5 Rd7 45. e4 Rc7 46. Kg4 Rc3 47. Rb3 Rxb3 1/2-1/2

[Event "34th European Club Cup 2018"]
[Site "Halkidiki"]
[Date "2018.10.13"]
[Round "2"]
[White "Gupta, Milon"]
[Black "Richter, Christian"]
[Result "0-1"]
[WhiteElo "2206"]
[BlackElo "2356"]
[Annotator "TA"]
[PlyCount "268"]
[EventDate "2018.10.12"]
[EventType "team-tourn"]
[EventCountry "GRE"]
[SourceTitle "playchess.com"]
[Source "ChessBase"]
[SourceQuality "1"]
[WhiteTeam "Solingen"]
[BlackTeam "Bremen"]

1. Nf3 Nf6 2. c4 g6 3. b3 Bg7 4. Bb2 O-O 5. g3 d6 6. d4 c6 7. Bg2 Bf5 8. O-O d5 9. Nbd2 Ne4 10. Nh4 Nxd2 11. Qxd2 Be6 12. Rac1 Qb6 13. Ba1 Rd8 14. Rfd1 Nd7 15. e4 dxe4 16. Bxe4 Bg4 17. Bf3 Bxf3 18. Nxf3 Nf8 19. Qe2 Qc7 20. Rc2 Rd7 21. Rcd2 Rad8 22. Bb2 Qa5 23. Ba1 Ne6 24. Kg2 Qh5 25. Qe4 Ng5 26. Nxg5 Qxg5 27. Bc3 e6 28. Qf3 Rc8 29. h4 Qd8 30. Qe3 h5 31. Rd3 Qb6 32. Qd2 Qa6 33. a4 Rcd8 34. Ba5 Rc8 35. Bc3 Rcd8 36. Ba5 b6 37. Bc3 Qb7 38. Kg1 Rd6 39. Qe3 R6d7 40. Bb4 Qa8 41. Ba3 Qc8 42. Qe4 Qb7 43. Kh2 a6 44. Bc1 b5 45. axb5 axb5 46. Bg5 bxc4 47. bxc4 Rc8 48. R3d2 Qb4 49. Qe2 Qa5 50. Qf3 Qa4 51. Qe2 Qa6 52. Kg2 Rb8 53. Be3 Rb4 54. Rc2 Ra4 55. Qf3 Rxc4 56. Rxc4 Qxc4 57. Rc1 Qd5 58. Rxc6 Qxf3+ 59. Kxf3 Bxd4 60. Bxd4 Rxd4 61. Ke3 Ra4 62. Rc5 Kg7 63. Rb5 Ra2 64. Kf3 Kf6 65. Rc5 Rb2 66. Ra5 Rc2 67. Rb5 Ra2 68. Rc5 e5 69. Rb5 Kf5 70. Rb7 Ra3+ 71. Kg2 f6 72. Rf7 Ra2 73. Rf8 Rd2 74. Rf7 Ke6 75. Rg7 Kf5 76. Rf7 Rc2 77. Rf8 Rb2 78. Rf7 Rd2 79. Rf8 Ke6 80. Kf3 Rd7 81. Rg8 Kf7 82. Ra8 Rd4 83. Ra7+ Ke6 84. Rg7 Kf5 85. Rf7 Rd8 86. Kg2 Rc8 87. Kf3 Ra8 88. Kg2 g5 89. hxg5 Kxg5 90. Rg7+ Kf5 91. Rh7 Kg6 92. Re7 Ra3 93. Re8 Rb3 94. Rg8+ Kh7 95. Rf8 Kg7 96. Re8 Rc3 97. Re7+ Kg6 98. Re8 Rc4 99. Kf3 Rb4 100. Re7 Rg4 101. Re8 Rb4 102. Re7 Ra4 103. Re8 Ra3+ 104. Kg2 Ra7 105. Kf3 Rh7 106. Rg8+ Kf7 107. Ra8 Ke6 108. Ra6+ Kf5 109. Ra5 Rh8 110. Rb5 Ra8 111. Rb7 Rh8 112. Rb5 h4 113. gxh4 Rxh4 114. Ra5 Rh3+ 115. Ke2 Rb3 116. Rc5 Ra3 117. Rb5 Kf4 118. Rb4+ e4 119. Rb6 Ke5 120. Rb5+ Kf4 121. Rb6 f5 122. Rb5 Kg4 123. Rb4 Ra1 124. f3+ Kg3 125. fxe4 f4 126. Rb8 f3+ 127. Ke3 Re1+ 128. Kd4 f2 129. Rg8+ Kh4 130. Rf8 f1=Q 131. Rxf1 Rxf1 132. Ke5 Kg5 133. Kd6 Rd1+ 134. Ke6 Kf4 0-1

[Event "34th European Club Cup 2018"]
[Site "Halkidiki"]
[Date "2018.10.13"]
[Round "2"]
[White "Hill, Alistair"]
[Black "Marinskii, Yurii"]
[Result "0-1"]
[WhiteElo "2203"]
[BlackElo "2166"]
[Annotator "NA"]
[PlyCount "78"]
[EventDate "2018.10.12"]
[EventType "team-tourn"]
[EventCountry "GRE"]
[SourceTitle "playchess.com"]
[Source "ChessBase"]
[SourceQuality "1"]
[WhiteTeam "Wood Green"]
[BlackTeam "Overtime"]

1. e4 c5 2. Nf3 g6 3. d4 cxd4 4. Nxd4 Bg7 5. c4 Nc6 6. Be3 Nf6 7. Nc3 d6 8. Be2 O-O 9. O-O Bd7 10. a3 Nxd4 11. Bxd4 Bc6 12. Qd3 Nd7 13. b4 Bxd4 14. Qxd4 Qb6 15. Qd2 Nf6 16. Bf3 Rac8 17. Rfe1 Rfe8 18. Rac1 a5 19. c5 Qc7 20. Qg5 Kg7 21. cxd6 exd6 22. b5 Re5 23. Qd2 Bd7 24. Nd5 Qd8 25. Rxc8 Bxc8 26. Nxf6 Kxf6 27. a4 h5 28. Rd1 Ke7 29. Qd4 Qc7 30. g3 b6 31. Qd2 Rc5 32. Be2 Be6 33. Qf4 Bb3 34. Rd4 Be6 35. Kg2 Rc2 36. Bd3 Rc3 37. Be2 Qc5 38. Rd2 Qe5 39. Qe3 Rxe3 0-1

[Event "34th European Club Cup 2018"]
[Site "Halkidiki"]
[Date "2018.10.13"]
[Round "2"]
[White "In t Veld, Daan"]
[Black "Svendsen, Peter Willer"]
[Result "1-0"]
[WhiteElo "2194"]
[BlackElo "1948"]
[Annotator "NA"]
[PlyCount "59"]
[EventDate "2018.10.12"]
[EventType "team-tourn"]
[EventCountry "GRE"]
[SourceTitle "playchess.com"]
[Source "ChessBase"]
[SourceQuality "1"]
[WhiteTeam "Deloitte"]
[BlackTeam "Hillerod"]

1. e4 e5 2. Nf3 Nf6 3. Nc3 d6 4. d4 Nbd7 5. Bc4 Be7 6. O-O O-O 7. a4 c6 8. a5 Qc7 9. Qe2 exd4 10. Nxd4 Re8 11. Bf4 Bf8 12. Rfe1 Ne5 13. Bb3 g6 14. h3 Bg7 15. Bh2 Qe7 16. Nf3 Nfd7 17. Nd2 Nc5 18. Ba2 Ne6 19. Bxe6 Bxe6 20. f4 Nd7 21. a6 b6 22. Qf3 Nf8 23. f5 Bd7 24. Nc4 Bxf5 25. exf5 Qxe1+ 26. Rxe1 Rxe1+ 27. Kf2 Rae8 28. f6 Bh6 29. Bf4 g5 30. Qh5 1-0

[Event "34th European Club Cup 2018"]
[Site "Halkidiki"]
[Date "2018.10.13"]
[Round "2"]
[White "Liodakis, Konstantinos-Spyros"]
[Black "Pruijssers, Roeland"]
[Result "0-1"]
[WhiteElo "2182"]
[BlackElo "2501"]
[Annotator "TA"]
[PlyCount "58"]
[EventDate "2018.10.12"]
[EventType "team-tourn"]
[EventCountry "GRE"]
[SourceTitle "playchess.com"]
[Source "ChessBase"]
[SourceQuality "1"]
[WhiteTeam "Chania CA"]
[BlackTeam "Echiquier Amaytois"]

1. e4 e5 2. f4 d5 3. exd5 exf4 4. Nf3 Nf6 5. d4 Nxd5 6. Bc4 Be7 7. O-O g5 8. Re1 Bg4 9. Rxe7+ Nxe7 10. Bxf7+ Kxf7 11. Nxg5+ Kg6 12. Qxg4 Qxd4+ 13. Kh1 h5 14. Qe6+ Qf6 15. Qe4+ Nf5 16. Bxf4 Nc6 17. Nc3 Rae8 18. Qc4 Nfd4 19. Rf1 Qf5 20. Bxc7 Rhf8 21. Nf3 Nxf3 22. gxf3 Re1 23. f4 Rfe8 24. Kg1 Nd4 25. Qd3 Nxc2 26. Qxf5+ Kxf5 27. Be5 Rxf1+ 28. Kxf1 Ne3+ 29. Kf2 Ng4+ 0-1

[Event "34th European Club Cup 2018"]
[Site "Halkidiki"]
[Date "2018.10.13"]
[Round "2"]
[White "Uruci, Endrit"]
[Black "Kjartansson, David"]
[Result "1-0"]
[WhiteElo "2177"]
[BlackElo "2404"]
[Annotator "TA"]
[PlyCount "131"]
[EventDate "2018.10.12"]
[EventType "team-tourn"]
[EventCountry "GRE"]
[SourceTitle "playchess.com"]
[Source "ChessBase"]
[SourceQuality "1"]
[WhiteTeam "Dardania"]
[BlackTeam "Viking CC"]

1. d4 d6 2. e4 Nf6 3. Nc3 Nbd7 4. Nf3 e5 5. Bc4 Be7 6. O-O O-O 7. h3 c6 8. a4 h6 9. Re1 Re8 10. Be3 Qc7 11. a5 Nf8 12. Nd2 Ng6 13. Nf1 Bf8 14. Ng3 Bd7 15. Nh5 Nh7 16. Qf3 Bc8 17. Qg3 Kh8 18. f4 exf4 19. Nxf4 Nxf4 20. Qxf4 f6 21. Qf2 Bd7 22. Bf4 Be6 23. d5 Bg8 24. Qd4 c5 25. Qd2 a6 26. Na4 Ng5 27. Nb6 Rad8 28. Bd3 Bh7 29. Bxg5 fxg5 30. Nc4 Bg8 31. c3 Rd7 32. Re3 Rf7 33. e5 Rf4 34. exd6 Qd8 35. Rxe8 Qxe8 36. Re1 Qd8 37. Ne5 Rf6 38. Ng6+ Rxg6 39. Bxg6 Qxd6 40. Re8 Qxg6 41. Rxf8 Qd6 42. Rf1 c4 43. Rd1 Bh7 44. Qd4 Bd3 45. b3 Bc2 46. bxc4 Bxd1 47. Qxd1 Qc5+ 48. Qd4 Qxa5 49. d6 Qd8 50. Qc5 Qe8 51. Qf5 Qe1+ 52. Kh2 Qd2 53. d7 Qd6+ 54. Kg1 Qd1+ 55. Kf2 Qd2+ 56. Kf3 Qxc3+ 57. Ke4 Qxc4+ 58. Ke5 Qc7+ 59. Ke6 Qd8 60. Qg6 Qb6+ 61. Kf7 Qf2+ 62. Ke7 Qe3+ 63. Qe6 Qc5+ 64. Ke8 Qb5 65. Kf7 Qf1+ 66. Ke7 1-0

[Event "34th European Club Cup 2018"]
[Site "Halkidiki"]
[Date "2018.10.13"]
[Round "2"]
[White "Jakubiec, Edyta"]
[Black "Higgins, Kenneth"]
[Result "1-0"]
[WhiteElo "2174"]
[BlackElo "1823"]
[Annotator "NA"]
[PlyCount "93"]
[EventDate "2018.10.12"]
[EventType "team-tourn"]
[EventCountry "GRE"]
[SourceTitle "playchess.com"]
[Source "ChessBase"]
[SourceQuality "1"]
[WhiteTeam "Wirtzfeld"]
[BlackTeam "Ballinasloe"]

1. e4 g6 2. d4 Bg7 3. c3 d6 4. Nf3 Nf6 5. Bd3 Nbd7 6. h3 O-O 7. O-O c5 8. Re1 e5 9. dxe5 dxe5 10. a4 Qc7 11. Na3 a6 12. b4 b6 13. Qb3 Bb7 14. b5 a5 15. Ra2 Rad8 16. Nc4 Ne8 17. Bg5 Bf6 18. Bh6 Bg7 19. Bg5 Bf6 20. Rd2 Kg7 21. Bb1 h6 22. Be3 Bc8 23. Red1 g5 24. Qc2 Kg6 25. Nh2 Nb8 26. Rxd8 Bxd8 27. Nxe5+ Qxe5 28. Rxd8 Be6 29. Nf3 Qc7 30. e5+ f5 31. exf6+ Kxf6 32. Qg6+ Ke7 33. Rd2 Rf6 34. Qh7+ Bf7 35. Ba2 Nd6 36. Ne5 c4 37. Nxf7 Nxf7 38. Qe4+ Kf8 39. Bd4 Rf4 40. Qe6 Nd7 41. Re2 Qd8 42. Bxc4 Nde5 43. Bxe5 Qd1+ 44. Kh2 Rxc4 45. Qxc4 Nxe5 46. Rxe5 Qd6 47. Qe6 1-0

[Event "34th European Club Cup 2018"]
[Site "Halkidiki"]
[Date "2018.10.13"]
[Round "2"]
[White "Nordenbaek, Jan"]
[Black "Dek, Lennart"]
[Result "1/2-1/2"]
[WhiteElo "2173"]
[BlackElo "2304"]
[Annotator "NA"]
[PlyCount "63"]
[EventDate "2018.10.12"]
[EventType "team-tourn"]
[EventCountry "GRE"]
[SourceTitle "playchess.com"]
[Source "ChessBase"]
[SourceQuality "1"]
[WhiteTeam "Hillerod"]
[BlackTeam "Deloitte"]

1. d4 d5 2. Bf4 Nf6 3. e3 c5 4. c3 Nc6 5. Nd2 Bf5 6. h3 Qb6 7. Qb3 c4 8. Qxb6 axb6 9. a3 e6 10. Ngf3 b5 11. Rc1 h6 12. Be2 Nd7 13. O-O Nb6 14. Bd1 Bh7 15. Re1 f5 16. Ne5 Nxe5 17. Bxe5 Kf7 18. f3 Be7 19. Bc2 Rhf8 20. e4 Bg5 21. Rcd1 fxe4 22. fxe4 Na4 23. Bxa4 bxa4 24. exd5 exd5 25. Nf3 Bf6 26. Re3 Be4 27. Rde1 Ra6 28. Bxf6 gxf6 29. Nd2 f5 30. Nf3 Rg8 31. Kf2 Rb6 32. R3e2 1/2-1/2

[Event "34th European Club Cup 2018"]
[Site "Halkidiki"]
[Date "2018.10.13"]
[Round "2"]
[White "Mcgowan, Daniel"]
[Black "Lammens, Tim"]
[Result "0-1"]
[WhiteElo "2157"]
[BlackElo "2281"]
[Annotator "NA"]
[PlyCount "88"]
[EventDate "2018.10.12"]
[EventType "team-tourn"]
[EventCountry "GRE"]
[SourceTitle "playchess.com"]
[Source "ChessBase"]
[SourceQuality "1"]
[WhiteTeam "Grantham"]
[BlackTeam "Apeldoorn"]

1. e4 g6 2. d4 Bg7 3. Nf3 d6 4. Nc3 a6 5. a4 b6 6. Bc4 e6 7. Bg5 Ne7 8. Qd2 h6 9. Be3 Bb7 10. O-O Nd7 11. Rad1 Nf6 12. e5 Nfd5 13. Nxd5 Nxd5 14. Rfe1 Nxe3 15. Qxe3 d5 16. Bb3 Qe7 17. c4 dxc4 18. Bxc4 Qb4 19. Bb3 O-O 20. Rc1 Rac8 21. Rc4 Qe7 22. Rec1 Rfd8 23. R4c3 Rd7 24. h3 Qd8 25. a5 b5 26. d5 Bxd5 27. Bxd5 Rxd5 28. Rc6 Rd1+ 29. Kh2 Rxc1 30. Qxc1 Qd5 31. Qc3 Qd7 32. Rxa6 c5 33. Qe3 b4 34. Qe4 Qd5 35. Qxd5 exd5 36. Rb6 Bf8 37. Ne1 c4 38. Nc2 b3 39. Ne3 d4 40. Nxc4 Rxc4 41. Rxb3 Rc5 42. Ra3 Rd5 43. Ra4 d3 44. a6 d2 0-1

[Event "34th European Club Cup 2018"]
[Site "Halkidiki"]
[Date "2018.10.13"]
[Round "2"]
[White "Hamiti, Gani"]
[Black "Millward, Kevin P"]
[Result "1-0"]
[WhiteElo "2149"]
[BlackElo "2023"]
[Annotator "ChessBase"]
[PlyCount "131"]
[EventDate "2018.10.12"]
[EventType "team-tourn"]
[EventCountry "GRE"]
[SourceTitle "playchess.com"]
[Source "ChessBase"]
[SourceQuality "1"]
[WhiteTeam "Dardania"]
[BlackTeam "Viking CC"]

1. e4 d5 2. Nc3 dxe4 3. Nxe4 Nf6 4. Ng3 e5 5. Bc4 Bd6 6. d3 Qe7 7. Bg5 h6 8. Bxf6 Qxf6 9. Ne4 Qg6 10. Nxd6+ cxd6 11. Qf3 Nc6 12. Ne2 Be6 13. Bxe6 Qxe6 14. O-O d5 15. d4 e4 16. Qa3 O-O-O 17. b4 Qd6 18. Rab1 f5 19. f4 exf3 20. Qxf3 Rhf8 21. c3 g5 22. Rbe1 Rde8 23. Nc1 Re4 24. Nd3 b6 25. Nf2 Re6 26. Nd3 Re4 27. Nf2 Re6 28. Re2 Rxe2 29. Qxe2 Qe7 30. Qf3 Qe6 31. Nd3 Qe4 32. Qh3 Qe6 33. Re1 Qd6 34. b5 Na5 35. Re5 g4 36. Qh5 Nc4 37. Rxf5 Ne3 38. Rf2 Rxf2 39. Kxf2 Nd1+ 40. Kg1 Qe6 41. Qe5 Qxe5 42. Nxe5 h5 43. c4 dxc4 44. Nxc4 Nc3 45. Kf2 Nxa2 46. Kg3 Nc3 47. Na3 Nxb5 48. Nxb5 a6 49. Nc3 b5 50. Kh4 b4 51. Na4 Kc7 52. Kxh5 Kc6 53. d5+ Kxd5 54. Kxg4 Kc4 55. h4 b3 56. h5 Kb4 57. Nb2 Kc3 58. h6 Kxb2 59. h7 Kc2 60. h8=Q b2 61. Qc8+ Kd2 62. Qb7 Kc3 63. Qf3+ Kd2 64. Qb3 Kc1 65. Qc3+ Kb1 66. Qd3+ 1-0

[Event "34th European Club Cup 2018"]
[Site "Halkidiki"]
[Date "2018.10.13"]
[Round "2"]
[White "Papadiamandis, Elliot"]
[Black "Ramondino, Renzo"]
[Result "1/2-1/2"]
[WhiteElo "2149"]
[BlackElo "2193"]
[Annotator "NA"]
[PlyCount "59"]
[EventDate "2018.10.12"]
[EventType "team-tourn"]
[EventCountry "GRE"]
[SourceTitle "playchess.com"]
[Source "ChessBase"]
[SourceQuality "1"]
[WhiteTeam "Bois-Colombes"]
[BlackTeam "Lazio ASD"]

1. e4 c5 2. Nf3 d6 3. d4 cxd4 4. Nxd4 Nf6 5. Nc3 g6 6. Be3 Bg7 7. f3 O-O 8. Qd2 Nc6 9. O-O-O d5 10. exd5 Nxd5 11. Nxc6 bxc6 12. Bd4 Bxd4 13. Qxd4 Qb6 14. Na4 Qa5 15. b3 Be6 16. Qd2 Qc7 17. Nc5 Qe5 18. Qd4 Qg5+ 19. Qd2 Qe5 20. Qd4 Qg5+ 21. Qd2 Qe5 22. Qd4 Qg5+ 23. Qd2 Qe5 24. Qd4 Qg5+ 25. Qd2 Qe5 26. Qd4 Qg5+ 27. Qd2 Qe5 28. Qd4 Qg5+ 29. Qd2 Qe5 30. Qd4 1/2-1/2

[Event "34th European Club Cup 2018"]
[Site "Halkidiki"]
[Date "2018.10.13"]
[Round "2"]
[White "Stanic, Zoran"]
[Black "Tzagarakis, Panagiotis"]
[Result "1-0"]
[WhiteElo "2143"]
[BlackElo "1724"]
[Annotator "NA"]
[PlyCount "95"]
[EventDate "2018.10.12"]
[EventType "team-tourn"]
[EventCountry "GRE"]
[SourceTitle "playchess.com"]
[Source "ChessBase"]
[SourceQuality "1"]
[WhiteTeam "Bonnevoie"]
[BlackTeam "Chania CC"]

1. e4 c5 2. Nc3 e6 3. Nge2 Nf6 4. d4 cxd4 5. Nxd4 d6 6. Be3 a6 7. f3 b5 8. g4 Bb7 9. Qd2 Nfd7 10. O-O-O Nb6 11. b3 N8d7 12. Qf2 Rc8 13. Ndxb5 axb5 14. Nxb5 d5 15. a4 dxe4 16. Nd6+ Bxd6 17. Rxd6 Nd5 18. Bb5 Rc7 19. fxe4 Nxe3 20. Qxe3 Bc8 21. g5 O-O 22. Rhd1 Qe7 23. e5 Nb8 24. Qd2 Bb7 25. Kb2 Bc6 26. c4 Rcc8 27. h4 Qa7 28. Qd4 Qxd4+ 29. R1xd4 Rfe8 30. a5 Kf8 31. a6 Rc7 32. a7 Rxa7 33. Bxc6 Nxc6 34. Rxc6 Rb8 35. c5 Rab7 36. Rd3 Ke7 37. Rcd6 Rc8 38. c6 Rbc7 39. Rd7+ Rxd7 40. Rxd7+ Ke8 41. Rd6 Ke7 42. b4 h6 43. Kc3 f6 44. gxf6+ gxf6 45. Rd7+ Ke8 46. b5 fxe5 47. Rh7 Kd8 48. Kc4 1-0

[Event "34th European Club Cup 2018"]
[Site "Halkidiki"]
[Date "2018.10.13"]
[Round "2"]
[White "Dorfanis, Ilarion"]
[Black "Dinev, Dejan"]
[Result "0-1"]
[WhiteElo "2135"]
[BlackElo "2284"]
[Annotator "ChessBase"]
[PlyCount "146"]
[EventDate "2018.10.12"]
[EventType "team-tourn"]
[EventCountry "GRE"]
[SourceTitle "playchess.com"]
[Source "ChessBase"]
[SourceQuality "1"]
[WhiteTeam "Thessalonikis"]
[BlackTeam "Asseco SEE"]

1. d4 d5 2. c4 e6 3. Nf3 Nf6 4. g3 Be7 5. Bg2 O-O 6. O-O Nc6 7. b3 Ne4 8. Bb2 f5 9. Nbd2 Bd7 10. Rc1 a5 11. Ne5 Nxe5 12. dxe5 Bc6 13. cxd5 exd5 14. Nf3 Be8 15. Nd4 Ra6 16. Qd3 Rh6 17. f3 Nc5 18. Qc2 Qc8 19. Rcd1 c6 20. Ba3 b6 21. Bc1 Rg6 22. Kh1 Bd7 23. a3 Kh8 24. Be3 Qb8 25. Bf4 Qb7 26. Bh3 Qc8 27. Rc1 Na6 28. Qb2 c5 29. Qb1 Nc7 30. e6 Nxe6 31. Nxf5 Bf6 32. Bd6 Re8 33. Rcd1 Nd4 34. Nxd4 Bxh3 35. Nb5 Bxf1 36. Rxf1 Rxe2 37. Qd3 Re8 38. Bf4 Be5 39. Bxe5 Rxe5 40. f4 Re8 41. f5 Rh6 42. Qxd5 Rd8 43. Qg2 Qd7 44. a4 Qc6 45. h4 Kg8 46. Kh2 Qxg2+ 47. Kxg2 Rd2+ 48. Kf3 Rf6 49. Ke4 Re2+ 50. Kd5 g6 51. g4 h5 52. Nc3 Re3 53. Ne4 Rf8 54. Ng5 Rf6 55. Ne4 Rf8 56. Ng5 Rf6 57. Ne4 Rxe4 58. Kxe4 hxg4 59. Rd1 gxf5+ 60. Kf4 Kg7 61. Rd7+ Kg6 62. Rd8 Kh5 63. Rd1 Rg6 64. Rg1 Rg8 65. Rg2 Rd8 66. Kxf5 Rf8+ 67. Ke4 Kxh4 68. Rh2+ Kg3 69. Rh6 Rf4+ 70. Kd3 Rb4 71. Kc3 Kg2 72. Rf6 g3 73. Rd6 Kh2 0-1

[Event "34th European Club Cup 2018"]
[Site "Halkidiki"]
[Date "2018.10.13"]
[Round "2"]
[White "Nestor, Kaarel"]
[Black "Rasmussen, Henning"]
[Result "1-0"]
[WhiteElo "2132"]
[BlackElo "2165"]
[Annotator "NA"]
[PlyCount "99"]
[EventDate "2018.10.12"]
[EventType "team-tourn"]
[EventCountry "GRE"]
[SourceTitle "playchess.com"]
[Source "ChessBase"]
[SourceQuality "1"]
[WhiteTeam "Reval"]
[BlackTeam "Jetsmark"]

1. d4 d5 2. Nf3 Nf6 3. c4 c6 4. e3 a6 5. Nc3 Bf5 6. b3 h6 7. Be2 e6 8. O-O Nbd7 9. Bb2 Bd6 10. Bd3 O-O 11. Bxf5 exf5 12. cxd5 cxd5 13. Qd3 g6 14. Rac1 Qe7 15. Rc2 Rac8 16. Rfc1 Rc6 17. Ne2 Rxc2 18. Rxc2 Re8 19. h3 Qe4 20. Qxe4 fxe4 21. Ne5 Nb6 22. f4 exf3 23. gxf3 Nfd7 24. Nxd7 Nxd7 25. Kf2 f5 26. Nf4 Bxf4 27. exf4 Kf7 28. Rc7 Ke6 29. Ba3 Rb8 30. Ke3 a5 31. Bc5 b6 32. Rc6+ Kf7 33. Bd6 Re8+ 34. Be5 Re6 35. Rc7 Ke8 36. Rc8+ Ke7 37. h4 Nf6 38. Rc7+ Kd8 39. Rf7 Ne8 40. h5 Nd6 41. Rf6 Kd7 42. Rxg6 Ne8 43. Rg1 b5 44. Kd2 a4 45. Kc3 axb3 46. axb3 Nf6 47. Rg7+ Ke8 48. Rg6 b4+ 49. Kxb4 Rb6+ 50. Ka5 1-0

[Event "34th European Club Cup 2018"]
[Site "Halkidiki"]
[Date "2018.10.13"]
[Round "2"]
[White "Petersen, Steen"]
[Black "Hajra, Driton"]
[Result "1/2-1/2"]
[WhiteElo "2131"]
[BlackElo "1978"]
[Annotator "NA"]
[PlyCount "113"]
[EventDate "2018.10.12"]
[EventType "team-tourn"]
[EventCountry "GRE"]
[SourceTitle "playchess.com"]
[Source "ChessBase"]
[SourceQuality "1"]
[WhiteTeam "Bronshoj"]
[BlackTeam "Drejtesia"]

1. e4 c5 2. Nf3 d6 3. d4 cxd4 4. Nxd4 Nf6 5. Nc3 g6 6. Be3 Bg7 7. f3 O-O 8. Qd2 Nc6 9. O-O-O Nxd4 10. Bxd4 Be6 11. h4 Qa5 12. a3 Rfc8 13. Kb1 Rab8 14. Nd5 Qxd2 15. Nxf6+ Bxf6 16. Rxd2 Bxd4 17. Rxd4 Rc5 18. Be2 Rbc8 19. c3 Kg7 20. Kc2 h6 21. Kd2 g5 22. hxg5 hxg5 23. Ke3 Re5 24. g3 f5 25. Bd3 fxe4 26. Rxe4 Rcc5 27. Rh7+ Kf6 28. Rh6+ Kf7 29. f4 gxf4+ 30. gxf4 Rxe4+ 31. Bxe4 b6 32. Rh8 Rc8 33. Rh7+ Kf6 34. Rh6+ Kf7 35. f5 Bb3 36. f6 e6 37. Bf3 Rf8 38. Bh5+ Kg8 39. Kf4 Rc8 40. Rg6+ Kh7 41. f7 e5+ 42. Kg5 Bxf7 43. Rh6+ Kg7 44. Bxf7 Kxf7 45. Kf5 Rf8 46. Rxd6 Ke7+ 47. Kxe5 Rf2 48. Rh6 Rxb2 49. Rh7+ Kd8 50. Rxa7 Kc8 51. c4 Rd2 52. a4 Kb8 53. Rf7 Ra2 54. Kd5 Rxa4 55. Kc6 Rxc4+ 56. Kxb6 Rb4+ 57. Kc6 1/2-1/2

[Event "34th European Club Cup 2018"]
[Site "Halkidiki"]
[Date "2018.10.13"]
[Round "2"]
[White "Gnichtel, Gerd"]
[Black "Van Twillert, Laurents"]
[Result "1/2-1/2"]
[WhiteElo "2125"]
[BlackElo "2117"]
[Annotator "NA"]
[PlyCount "94"]
[EventDate "2018.10.12"]
[EventType "team-tourn"]
[EventCountry "GRE"]
[SourceTitle "playchess.com"]
[Source "ChessBase"]
[SourceQuality "1"]
[WhiteTeam "Echternach"]
[BlackTeam "En Passant"]

1. d4 d5 2. c4 c6 3. Nf3 e6 4. cxd5 exd5 5. Nc3 Nf6 6. Bg5 h6 7. Bh4 Bf5 8. e3 Qb6 9. Qc1 Nbd7 10. Be2 Be7 11. O-O O-O 12. Ne5 Rfe8 13. Nxd7 Nxd7 14. Bxe7 Rxe7 15. a3 a5 16. Na4 Qc7 17. b4 axb4 18. axb4 b5 19. Bxb5 Rc8 20. Be2 Nf6 21. b5 cxb5 22. Qxc7 Rexc7 23. Bxb5 Bd7 24. Ba6 Ra8 25. Nc5 Rca7 26. Ra2 Bb5 27. Rfa1 Ne4 28. Nxe4 dxe4 29. Bxb5 Rxa2 30. Rxa2 Rxa2 31. g4 Ra7 32. Bc6 Re7 33. Kg2 g5 34. h4 gxh4 35. Kh3 Kg7 36. Kxh4 Kg6 37. d5 Rc7 38. Ba4 Kf6 39. d6 Ra7 40. Bc6 Ra6 41. d7 Ke7 42. Bb5 Rb6 43. Ba4 Rb8 44. Kg3 Rb6 45. Bc2 Re6 46. Bb3 Rd6 47. Ba4 Ra6 1/2-1/2

[Event "34th European Club Cup 2018"]
[Site "Halkidiki"]
[Date "2018.10.13"]
[Round "2"]
[White "Vanstreels, Luc"]
[Black "Christenson, Flemming"]
[Result "1-0"]
[WhiteElo "2123"]
[BlackElo "2202"]
[Annotator "NA"]
[PlyCount "83"]
[EventDate "2018.10.12"]
[EventType "team-tourn"]
[EventCountry "GRE"]
[SourceTitle "playchess.com"]
[Source "ChessBase"]
[SourceQuality "1"]
[WhiteTeam "Eynatten"]
[BlackTeam "Nordstrand"]

1. d4 e6 2. Nf3 f5 3. h3 Nf6 4. g4 b6 5. gxf5 exf5 6. Qd3 g6 7. Bg5 Bg7 8. Nc3 O-O 9. Nd5 Bb7 10. Nf4 Qe8 11. Bxf6 Bxf6 12. Rg1 Kh8 13. O-O-O Nc6 14. h4 Nb4 15. Qd2 Bxf3 16. Nxg6+ hxg6 17. Qh6+ Kg8 18. Rxg6+ Kf7 19. Rxf6+ Ke7 20. Qg7+ Rf7 21. Rxf7+ Qxf7 22. Qg5+ Kf8 23. exf3 Nxa2+ 24. Kb1 Nb4 25. Bd3 Nxd3 26. Rxd3 Re8 27. Re3 Re6 28. h5 Qf6 29. f4 Qxd4 30. Qxf5+ Rf6 31. Qh7 Re6 32. Qf5+ Rf6 33. Qh7 Re6 34. Rxe6 dxe6 35. Qxc7 Qd1+ 36. Ka2 Qxh5 37. Qb8+ Kf7 38. Qxa7+ Kf6 39. Qxb6 Qd5+ 40. b3 Qd2 41. Qc5 Qxf4 42. Qf8+ 1-0